| 000 | 00441nam a2200169Ia 4500 | ||
|---|---|---|---|
| 003 | GCL | ||
| 008 | 140319s9999 xx 000 0 eng d | ||
| 040 |
_aGCL / _cGCL |
||
| 082 | 0 | 4 |
_a741.235 _bK C |
| 100 | 1 | _aKATCHEN, CAROLE | |
| 245 | 1 | 0 |
_aCREATIVE PAINTING WITH PASTEL / _cKATCHEN, CAROLE |
| 260 |
_a[S.N] : _bNORTH LIGHT BOOKS ، _c1990 |
||
| 300 | _a134 | ||
| 650 | 0 | 4 | _aPASTEL |
| 650 | 0 | 4 | _aPASTEL DRAWING TECHNIQUE |
| 942 |
_2ddc _cBK |
||
| 999 |
_c24108 _d24108 |
||